| 000 | 00976nam a2200265 a 4500 | ||
|---|---|---|---|
| 001 | 000011228 | ||
| 005 | 20240307073945.0 | ||
| 008 | 091015s2005 dr ac r 000 0 spa d | ||
| 040 |
_aDO-SdBNP _bspa _cBNPHU |
||
| 082 |
_a796.342 _bM425t |
||
| 100 | 1 |
_aMateo Ortiz, Aníbal _926790 |
|
| 245 | 1 | 0 |
_aTodo sobre el tenis / _cAníbal Mateo Ortiz ; prólogo Enmanuel Santillán. |
| 260 |
_aSanto Domingo : _bUASD, _c2005. |
||
| 300 |
_a187 p. : _bil., retrs. ; _c21 cm. |
||
| 490 | 1 |
_aPublicaciones de la Universidad Autónoma de Santo Domingo _v1219 |
|
| 490 | 1 |
_aArte y sociedad _v38 |
|
| 504 | _aBibliografía : p. 187. | ||
| 590 | _aInventariado, 2018/BT | ||
| 650 | 4 |
_aTenis _926791 |
|
| 700 | 1 | 2 |
_aSantillán, Enmanuel, _epról. _926792 |
| 710 | 1 |
_aUniversidad Autónoma de Santo Domingo _972951 |
|
| 830 | 0 |
_aPublicaciones de la Universidad Autónoma de Santo Domingo _n1219 _926793 |
|
| 830 | 0 |
_aArte y sociedad _n38 _914360 |
|
| 910 | _aValidado. Control de calidad. MFF | ||
| 999 |
_c10947 _d10947 |
||